000 00612nam a2200217Ia 4500
003 OSt
005 20220923230909.0
006 a|||||r|||| 00| 0
007 ta
008 Pun
024 _a306,304
037 _cTextual
040 _aARTS
_cARTS
_bPun
041 _2Pun
_aPun
082 _aQ8441wK66, 153L3
100 _aਜੋਗਿੰਦਰ ਸਿੰਘ
_9156275
245 0 _aਗੁਰੂ ਗੋਬਿੰਦ ਸਿੰਘ
_b ਮੂਰਤਿ ਤੇ ਮੂਹਰ
260 _c1973
942 _hQ8441wK66, 153L3
_cTEXL
_2CC
999 _c388090
_d388090